Patchwork / (Record no. 123137)
[ view plain ]
| 000 -LEADER | |
|---|---|
| fixed length control field | 01466cam a2200349 a 4500 |
| 001 - CONTROL NUMBER | |
| control field | 9002679 |
| 003 - CONTROL NUMBER IDENTIFIER | |
| control field | ARRUPE |
| 005 - DATE AND TIME OF LATEST TRANSACTION | |
| control field | 20150827104159.0 |
| 008 - FIXED-LENGTH DATA ELEMENTS--GENERAL INFORMATION | |
| fixed length control field | 110623s2011 sa 000 f eng d |
| 020 ## - INTERNATIONAL STANDARD BOOK NUMBER | |
| International Standard Book Number | 9780143527534 |
| 020 ## - INTERNATIONAL STANDARD BOOK NUMBER | |
| International Standard Book Number | 0143527533 |
| 035 ## - SYSTEM CONTROL NUMBER | |
| System control number | (OCoLC)ocn732596466 |
| 035 ## - SYSTEM CONTROL NUMBER | |
| System control number | (OCoLC)732596466 |
| 035 ## - SYSTEM CONTROL NUMBER | |
| System control number | (NNC)9002679 |
| 040 ## - CATALOGING SOURCE | |
| Original cataloging agency | OI@ |
| Transcribing agency | OI@ |
| Modifying agency | YDXCP |
| -- | NZPPC |
| -- | NNC |
| 050 #4 - LIBRARY OF CONGRESS CALL NUMBER | |
| Classification number | PR9369.4.B35 |
| Item number | P38 2011 |
| 082 04 - DEWEY DECIMAL CLASSIFICATION NUMBER | |
| Classification number | 823.92 |
| Edition number | 22 |
| 300 ## - PHYSICAL DESCRIPTION | |
| Dimensions | 20 cm. |
| 100 1# - MAIN ENTRY--PERSONAL NAME | |
| Personal name | Banda-Aaku, Ellen. |
| 9 (RLIN) | 18921 |
| 245 10 - TITLE STATEMENT | |
| Title | Patchwork / |
| Statement of responsibility, etc | Ellen Banda-Aaku. |
| 260 ## - PUBLICATION, DISTRIBUTION, ETC. (IMPRINT) | |
| Place of publication, distribution, etc | Johannesburg : |
| Name of publisher, distributor, etc | Penguin Books, |
| Date of publication, distribution, etc | 2011. |
| 300 ## - PHYSICAL DESCRIPTION | |
| Extent | viii, 216 p. ; |
| 490 1# - SERIES STATEMENT | |
| Series statement | Penguin African writers |
| 520 ## - SUMMARY, ETC. | |
| Summary, etc | "Lusaka. 1978. Pumpkin is nine years old. Her fashionable mother is the queen of Tudu Court, but underneath the veneer of respectability that her father's money provides lies a secret that threatens their whole world - the tall, elegant Totela Ponga is a drunk. ... Weaving together the stories of three generations of women, this novel is a patchwork of love, jealousy and human frailty set against a background of war and political ambition."--Back cover. |
| 650 #0 - SUBJECT ADDED ENTRY--TOPICAL TERM | |
| Topical term or geographic name as entry element | Families |
| Form subdivision | Fiction. |
| 9 (RLIN) | 18922 |
| 650 #0 - SUBJECT ADDED ENTRY--TOPICAL TERM | |
| Topical term or geographic name as entry element | Mothers and daughters |
| Form subdivision | Fiction. |
| 9 (RLIN) | 14354 |
| 650 #0 - SUBJECT ADDED ENTRY--TOPICAL TERM | |
| Topical term or geographic name as entry element | Women alcoholics |
| Form subdivision | Fiction. |
| 9 (RLIN) | 18923 |
| 830 #0 - SERIES ADDED ENTRY--UNIFORM TITLE | |
| Uniform title | Penguin African writers. |
| 9 (RLIN) | 18924 |
| 942 ## - ADDED ENTRY ELEMENTS (KOHA) | |
| Source of classification or shelving scheme | Library of Congress Classification |
| Koha item type | Monograph ( Printed materials) |
| 948 1# - LOCAL PROCESSING INFORMATION (OCLC); SERIES PART DESIGNATOR (RLIN) | |
| Series part designator, SPT (RLIN) | 20110916 |
| b (OCLC) | c |
| c (OCLC) | jeb52 |
| d (OCLC) | MPS |
| 948 2# - LOCAL PROCESSING INFORMATION (OCLC); SERIES PART DESIGNATOR (RLIN) | |
| Series part designator, SPT (RLIN) | 20111003 |
| b (OCLC) | n |
| c (OCLC) | dm820 |
| d (OCLC) | MPS |
| Withdrawn status | Lost status | Source of classification or shelving scheme | Damaged status | Not for loan | Collection code | Home library | Current library | Shelving location | Date acquired | Total Checkouts | Full call number | Barcode | Date last seen | Price effective from | Koha item type |
|---|---|---|---|---|---|---|---|---|---|---|---|---|---|---|---|
| Library of Congress Classification | Main Collection | ARRUPE LIBRARY | ARRUPE LIBRARY | Main Collection | 27/08/2015 | PR9405.9.B3 P3 2011 | 46500004101 | 27/08/2015 | 27/08/2015 | Monograph ( Printed materials) |